| 000 | 00535nam a22001817a 4500 | ||
|---|---|---|---|
| 003 | DO-SdBNP | ||
| 005 | 20171129092405.0 | ||
| 008 | 171129b br||||| |||| 00| 0 spa d | ||
| 020 | _a9788566317022 | ||
| 040 |
_aBPMSU _bspa _cBPMSU |
||
| 100 | 1 | _aVidal, Julia | |
| 245 |
_aO africano que existe em nós brasileiros : _bmoda e desingn afro-brasileiros |
||
| 260 |
_aRío de Janeiro _bBabilonia Cultural _c2014 |
||
| 300 |
_a103 p, _bil. _c28 cm |
||
| 942 |
_2ddc _cBK |
||
| 945 | _ainventariado extranjero / DG | ||
| 956 |
_adgarcia _b10 |
||
| 999 |
_c13194 _d13194 |
||